000 01459nam a22003254a 4500
001 ebr10001704
003 CaPaEBR
006 m u
007 cr cn|||||||||
008 000824s2001 cau sb 001 0 eng
010 _z 00011081
020 _z0787944734 (alk. paper)
040 _aCaPaEBR
_cCaPaEBR
035 _a(OCoLC)70746917
050 1 4 _aBM723
_b.O36 2001eb
082 0 4 _a296.7
_221
100 1 _aOchs, Carol.
245 1 0 _aOur lives as Torah
_h[electronic resource] :
_bfinding God in our own stories /
_cCarol Ochs ; foreword by Lawrence Kushner.
260 _aSan Francisco :
_bJossey-Bass,
_cc2001.
300 _axiv, 224 p.
504 _aIncludes bibliographical references (p. 213-215) and index.
505 0 _aSearching for meaning -- Forming our story -- Committing to love -- Enduring suffering -- Undertaking our work -- Claiming our body -- Engaging in prayer -- Living in community -- Confronting death -- Encountering God.
533 _aElectronic reproduction.
_bPalo Alto, Calif. :
_cebrary,
_d2013.
_nAvailable via World Wide Web.
_nAccess may be limited to ebrary affiliated libraries.
650 0 _aSpiritual life
_xJudaism.
650 0 _aJewish way of life.
650 0 _aJewish way of life
_vAnecdotes.
655 7 _aElectronic books.
_2local
710 2 _aebrary, Inc.
856 4 0 _uhttp://site.ebrary.com/lib/rucke/Doc?id=10001704
_zAn electronic book accessible through the World Wide Web; click to view
999 _c4714
_d4714